Normal view
MARC view
Entry Topical Term
001 - CONTROL NUMBER
- control field: 3822
003 - CONTROL NUMBER IDENTIFIER
- control field: Ke-BoTe
005 - DATE AND TIME OF LATEST TRANSACTION
- control field: 20220428092740.0
008 - FIXED-LENGTH DATA ELEMENTS
- fixed length control field: 220428|| aca||aabn | a|a d
040 ## - CATALOGING SOURCE
- Original cataloging agency: Ke-BoTe
- Transcribing agency: Ke-BoTe
150 ## - HEADING--TOPICAL TERM
- Topical term or geographic name entry element: Community health nursing
- General subdivision: Case studies
670 ## - SOURCE DATA FOUND
- Source citation: Work cat.: (Ke-BoTe)1935: Higgs, Zana Rae, 1940- 3821, Community as a client :, c1985.
